|
|
|
|
| LEADER |
00000ckm a2200000 a 4500 |
| 001 |
vtls001203554 |
| 003 |
SK-MaSNL |
| 005 |
20260331202912.0 |
| 007 |
kf co |
| 008 |
231121s1987 xo g 0kuslo |
| 015 |
|
|
|a SNBG1987
|
| 035 |
|
|
|a SNK000146624
|
| 035 |
|
|
|a 0EDF6EE1-39A3-429F-A924-A258D3120307
|
| 035 |
|
|
|a urn:nbn:sk:snk-km00giv9
|
| 040 |
|
|
|a SNK
|b slo
|c SNK
|e AACR2
|
| 041 |
0 |
|
|a slo
|
| 043 |
|
|
|a e-xo---
|
| 044 |
|
|
|a xo
|c SK
|
| 072 |
|
7 |
|a 913
|x Regionálna geografia
|2 konspekt
|
| 080 |
|
|
|a 913(437.6)
|2 2011
|
| 080 |
|
|
|a 908(437.6)
|2 2011
|
| 080 |
|
|
|a (084.121)
|2 2011
|
| 080 |
|
|
|a 728.61
|2 2011
|
| 080 |
|
|
|a 551.24.055(234.372)
|2 2011
|
| 080 |
|
|
|a 365:379.83
|2 2011
|
| 100 |
1 |
|
|a Puk, Anton
|c (fotograf)
|4 pht
|9 350623
|
| 245 |
1 |
0 |
|a Svitáčik
|h grafika
|b Rekreačné stredisko n. p. Elektrosvit Nové Zámky pri Počúvadlianskom jazere
|c snímky Anton Puk
|
| 246 |
1 |
|
|i Názov na obrazovej časti:
|a Svitáčik
|
| 260 |
|
|
|a Bratislava
|b Šport
|c 1987
|e Skalica
|f Grafobal
|
| 300 |
|
|
|a 1 pohľadnica (4 čiastkové pohľady)
|b farebná
|c 11 x 15 cm
|
| 520 |
8 |
|
|a Zobrazenie: Na modrom podklade, v bielom orámovaní, na žltom podklade jeden zasnežený pohľad na čiastočne zalesnené kopce, jeden zasnežený pohľad na čiastočne zalesnený kopec, na ktorom v dolnej časti sú traja ľudia, jeden zasnežený pohľad zo strany na budovu a jeden zasnežený pohľad zo strany na budovu, s veľkej časti drevenú, pri ktorej vľavo stojí skupinka ľudí s lyžami a deti na sánkach a na prvom poschodí vpravo je na jednom balkóne skupinka mužov
|
| 610 |
2 |
7 |
|a Svitáčik (Banská Štiavnica, Slovensko : rekreačné stredisko)
|2 SNKKA
|9 501789
|
| 650 |
0 |
7 |
|a rekreačné strediská
|2 SNKPH
|9 75706
|
| 650 |
0 |
7 |
|a vrchy a štíty
|2 SNKPH
|9 165131
|
| 650 |
0 |
7 |
|a chaty
|2 SNKPH
|9 29339
|
| 651 |
|
7 |
|a Počúvadlianske Jazero (Banská Štiavnica, Slovensko)
|2 SNKPHgeo
|9 183692
|
| 651 |
|
7 |
|a Štiavnické vrchy (Slovensko: pohorie)
|2 SNKPHgeo
|9 15246
|
| 655 |
|
7 |
|a miestne pohľadnice
|2 SNKPH
|9 70510
|
| 655 |
|
7 |
|a geografické pohľadnice
|2 SNKPH
|9 70522
|
| 852 |
|
|
|a Slovenská národná knižnica
|
| 954 |
|
|
|a pohľadnice pôvodné (slovenské)
|2 lita
|
| 958 |
|
|
|a GBN
|
| 958 |
|
|
|a GC
|
| 958 |
|
|
|a OND
|
| 958 |
|
|
|a EUIPO
|
| 999 |
|
|
|c 942421
|d 944351
|
| 952 |
|
|
|a SNK
|b SNK
|y PREZ
|7 0
|p 17A1408920
|o snkSP 140632
|i snk585/89
|0 0
|1 0
|4 0
|d 2020-11-05
|f 1
|l 0
|r 2026-02-24 09:23:25
|w 2026-02-24
|
| 952 |
|
|
|a SNK
|b SNK
|y PREZ
|7 0
|p 17A1408919
|o snkSP 140632 D1
|i snk586/89
|0 0
|1 0
|4 0
|d 2020-11-05
|l 0
|r 2026-02-24 09:23:25
|w 2026-02-24
|